000
00352nam a2200133Ia 4500
003
GCL
008
140319s9999 xx 000 0 ara d
040
_a
GCL /
_c
GCL
082
0
4
_a
371.46
_b
ح ت
245
1
0
_a
التوصيه والارشاد النفسى
260
_a
[S.N] :
_b
عالم الكتب الحديث ،
_c
1980
300
_a
509 ص
490
_a
999
_c
32169
_d
32169